MARC details
| 000 -LEADER |
| fixed length control field |
03294aam a2200589 i 4500 |
| 001 - CONTROL NUMBER |
| control field |
in903066211 |
| 003 - CONTROL NUMBER IDENTIFIER |
| control field |
Ingram |
| 005 - DATE AND TIME OF LATEST TRANSACTION |
| control field |
20251017181000.0 |
| 008 - FIXED-LENGTH DATA ELEMENTS--GENERAL INFORMATION |
| fixed length control field |
250916t20252025nyu d 000 1 eng d |
| 010 ## - LIBRARY OF CONGRESS CONTROL NUMBER |
| LC control number |
2025940401 |
| 020 ## - INTERNATIONAL STANDARD BOOK NUMBER |
| International Standard Book Number |
9780063315341 |
| Qualifying information |
(hardcover) |
| 035 ## - SYSTEM CONTROL NUMBER |
| System control number |
(OCoLC)1524196016 |
| 040 ## - CATALOGING SOURCE |
| Original cataloging agency |
TnLvILS |
| Language of cataloging |
eng |
| Description conventions |
rda |
| Transcribing agency |
TnLvILS |
| Modifying agency |
TnLvILS |
| 050 #4 - LIBRARY OF CONGRESS CALL NUMBER |
| Classification number |
PZ7.M2695 |
| Item number |
Ev 2025 |
| 082 04 - DEWEY DECIMAL CLASSIFICATION NUMBER |
| Classification number |
[Fic] |
| Edition number |
23/eng/20250916 |
| 092 ## - LOCALLY ASSIGNED DEWEY CALL NUMBER (OCLC) |
| Classification number |
young adult fiction |
| Item number |
Mafi |
| 100 1# - MAIN ENTRY--PERSONAL NAME |
| Personal name |
Mafi, Tahereh, |
| Relator term |
author. |
| 9 (RLIN) |
5793348 |
| 245 10 - TITLE STATEMENT |
| Title |
Every spiral of fate / |
| Statement of responsibility, etc |
Tahereh Mafi. |
| 250 ## - EDITION STATEMENT |
| Edition statement |
First edition. |
| 264 #1 - Production, Publication, Distribution, Manufacture, and Copyright Notice. |
| Place of production, publication, distribution, manufacture |
New York, NY : |
| Name of producer, publisher, distributor, manufacturer |
Storytide, an imprint of HarperCollinsPublishers, |
| Date of production, publication, distribution, manufacture, or copyr |
[2025] |
| 264 #4 - Production, Publication, Distribution, Manufacture, and Copyright Notice. |
| Date of production, publication, distribution, manufacture, or copyr |
�2025 |
| 300 ## - PHYSICAL DESCRIPTION |
| Extent |
467 pages ; |
| Dimensions |
21 cm. |
| 336 ## - Content Type |
| Content type term |
text |
| 337 ## - Media type |
| Media type term |
unmediated |
| 338 ## - Carrier type |
| Carrier type term |
volume |
| 490 ## - SERIES STATEMENT |
| Series statement |
This woven kingdom : |
| Volume number/sequential designation |
book four |
| 520 ## - SUMMARY, ETC. |
| Summary, etc |
"At long last, the wedding day has arrived. The Jinn queen and the enigmatic ruler of Tulan are to be married in a magical, enchanted ceremony--but Cyrus, tethered by a blood oath to his bride-to-be, can find nothing to celebrate in this union. He's falling ever more deeply in love with the one person oathbound to kill him. Sworn to an ancient, unbreakable magic, Alizeh can only fulfill the prophecy to free her people by ensuring Cyrus dies by her own hand. And Cyrus is forced to await his end all while Prince Kamran inches closer, ready to take his place by Alizeh's side. The countdown to murder coils tensions ever tighter, but the historic wedding has already drawn deadly attention. To prepare for war and protect her people, Alizeh must finally discover her magic--and outrun the enemies trying to stop her. Alizeh and Cyrus, along with Kamran and their friends from Ardunia, must flee on dragon-back to begin the perilous journey into the legendary mountains of Arya, where a firestorm of revelations, magical discoveries, and fresh allies awaits them. Every allegiance will be tested, every darkness uncovered, and when the shattering secrets of the Tulanian king are finally revealed ... Nothing, and no one, will be the same"-- |
| 521 1# - TARGET AUDIENCE NOTE |
| Target audience note |
13-UP. |
| 521 2# - TARGET AUDIENCE NOTE |
| Target audience note |
08-UP. |
| 650 #0 - SUBJECT ADDED ENTRY--TOPICAL TERM |
| Topical term or geographic name as entry element |
Jinn |
| Form subdivision |
Juvenile fiction. |
| 9 (RLIN) |
5674403 |
| 650 #0 - SUBJECT ADDED ENTRY--TOPICAL TERM |
| Topical term or geographic name as entry element |
Kings and rulers |
| Form subdivision |
Juvenile fiction. |
| 9 (RLIN) |
5680767 |
| 650 #0 - SUBJECT ADDED ENTRY--TOPICAL TERM |
| Topical term or geographic name as entry element |
Prophecies |
| Form subdivision |
Juvenile fiction. |
| 9 (RLIN) |
5673922 |
| 650 #0 - SUBJECT ADDED ENTRY--TOPICAL TERM |
| Topical term or geographic name as entry element |
Magic |
| Form subdivision |
Juvenile fiction. |
| 9 (RLIN) |
5673690 |
| 650 #0 - SUBJECT ADDED ENTRY--TOPICAL TERM |
| Topical term or geographic name as entry element |
Dragons |
| Form subdivision |
Juvenile fiction. |
| 9 (RLIN) |
5673921 |
| 650 #0 - SUBJECT ADDED ENTRY--TOPICAL TERM |
| Topical term or geographic name as entry element |
Imaginary wars and battles |
| Form subdivision |
Juvenile fiction. |
| 9 (RLIN) |
5691546 |
| 650 #0 - SUBJECT ADDED ENTRY--TOPICAL TERM |
| Topical term or geographic name as entry element |
Friendship |
| Form subdivision |
Juvenile fiction. |
| 9 (RLIN) |
5673647 |
| 650 #0 - SUBJECT ADDED ENTRY--TOPICAL TERM |
| Topical term or geographic name as entry element |
Man-woman relationships |
| Form subdivision |
Juvenile fiction. |
| 9 (RLIN) |
5688517 |
| 650 #0 - SUBJECT ADDED ENTRY--TOPICAL TERM |
| Topical term or geographic name as entry element |
Weddings |
| Form subdivision |
Juvenile fiction. |
| 650 #1 - SUBJECT ADDED ENTRY--TOPICAL TERM |
| Topical term or geographic name as entry element |
Genies |
| Form subdivision |
Fiction. |
| 9 (RLIN) |
5674405 |
| 650 #1 - SUBJECT ADDED ENTRY--TOPICAL TERM |
| Topical term or geographic name as entry element |
Kings, queens, rulers, etc. |
| Form subdivision |
Fiction. |
| 9 (RLIN) |
5674172 |
| 650 #1 - SUBJECT ADDED ENTRY--TOPICAL TERM |
| Topical term or geographic name as entry element |
Prophecies |
| Form subdivision |
Fiction. |
| 9 (RLIN) |
5673927 |
| 650 #1 - SUBJECT ADDED ENTRY--TOPICAL TERM |
| Topical term or geographic name as entry element |
Magic |
| Form subdivision |
Fiction. |
| 9 (RLIN) |
5673694 |
| 650 #1 - SUBJECT ADDED ENTRY--TOPICAL TERM |
| Topical term or geographic name as entry element |
Dragons |
| Form subdivision |
Fiction. |
| 9 (RLIN) |
5673926 |
| 650 #1 - SUBJECT ADDED ENTRY--TOPICAL TERM |
| Topical term or geographic name as entry element |
Imaginary wars and battles |
| Form subdivision |
Fiction. |
| 9 (RLIN) |
5673973 |
| 650 #1 - SUBJECT ADDED ENTRY--TOPICAL TERM |
| Topical term or geographic name as entry element |
Friendship |
| Form subdivision |
Fiction. |
| 9 (RLIN) |
5673769 |
| 650 #1 - SUBJECT ADDED ENTRY--TOPICAL TERM |
| Topical term or geographic name as entry element |
Man-woman relationships |
| Form subdivision |
Fiction. |
| 9 (RLIN) |
5674079 |
| 650 #1 - SUBJECT ADDED ENTRY--TOPICAL TERM |
| Topical term or geographic name as entry element |
Weddings |
| Form subdivision |
Fiction. |
| 9 (RLIN) |
5674159 |
| 650 #1 - SUBJECT ADDED ENTRY--TOPICAL TERM |
| Topical term or geographic name as entry element |
Fantasy. |
| 655 #7 - INDEX TERM--GENRE/FORM |
| Genre/form data or focus term |
Fantasy fiction. |
| Source of term |
lcgft |
| 655 #7 - INDEX TERM--GENRE/FORM |
| Genre/form data or focus term |
Romance fiction. |
| Source of term |
lcgft |
| 942 ## - ADDED ENTRY ELEMENTS (KOHA) |
| Source of classification or shelving scheme |
Dewey Decimal Classification |
| Koha item type |
BOOK |